书目信息 |
| 题名: |
经典民居
|
|
| 作者: | 刘干才 编著 | |
| 分册: | ||
| 出版信息: | 北京 现代出版社 2018 |
|
| 页数: | 164页 | |
| 开本: | 23cm | |
| 丛书名: | 中华精神家园 | |
| 单 册: | ||
| 中图分类: | TU241.5 | |
| 科图分类: | ||
| 主题词: | 民居--Min Ju--介绍--中国 | |
| 电子资源: | ||
| ISBN: | 978-7-5143-2299-6 | |
| 000 | 00935nam 2200277 45 | |
| 001 | 012001003024 | |
| 005 | 20140126142530.0 | |
| 010 | @a978-7-5143-2299-6@dCNY29.80 | |
| 099 | @aCAL 012015139723 | |
| 100 | @a20150714d2014 em y0chiy50 ea | |
| 101 | 0 | @achi |
| 102 | @aCN@b110000 | |
| 105 | @aa z 000yy | |
| 106 | @ar | |
| 200 | 1 | @a经典民居@AJing Dian Min Ju@e精华浓缩的最美民居@f刘干才编著 |
| 210 | @a北京@c现代出版社@d2018 | |
| 215 | @a164页@c图@d23cm | |
| 225 | 2 | @a中华精神家园@Azhong hua jing shen jia yuan@i建筑古蕴 |
| 330 | @a本书内容包括:东方古城堡——福建土楼;文化的殿堂——北京民居;塔楼式建筑——开平碉楼等。 | |
| 410 | 0 | @12001@a中华精神家园@i建筑古蕴 |
| 517 | 1 | @a精华浓缩的最美民居@AJing Hua Nong Suo De Zui Mei Min Ju |
| 606 | 0 | @a民居@AMin Ju@x介绍@y中国 |
| 690 | @aTU241.5@v5 | |
| 701 | 0 | @a刘干才@ALiu Gan Cai@4编著 |
| 801 | 2 | @aCN@b北京卓展@c20191020 |
| 905 | @b1210124-7@dTU241.5@e1534@f4 | |
| 经典民居:精华浓缩的最美民居/刘干才编著.-北京:现代出版社,2018 |
| 164页:图;23cm.-(中华精神家园.建筑古蕴) |
| ISBN 978-7-5143-2299-6:CNY29.80 |
| 本书内容包括:东方古城堡——福建土楼;文化的殿堂——北京民居;塔楼式建筑——开平碉楼等。 |
| ● |
| 相关链接 |
|
|
|
|
正题名:经典民居
索取号:TU241.5/1534
 
预约/预借
| 序号 | 登录号 | 条形码 | 馆藏地/架位号 | 状态 | 备注 |
| 1 | 1210124 | 212101241 | 第二样本阅览室/ [索取号:TU241.5/1534] | 在馆 | |
| 2 | 1210125 | 212101250 | 第三借阅区/ [索取号:TU241.5/1534] | 在馆 | |
| 3 | 1210126 | 212101269 | 第三借阅区/ [索取号:TU241.5/1534] | 在馆 | |
| 4 | 1210127 | 212101278 | 第三借阅区/ [索取号:TU241.5/1534] | 在馆 |